| 000 | 00996aam a2200277 a 4500 | ||
|---|---|---|---|
| 999 |
_c324182 _d324182 |
||
| 003 | BLK | ||
| 005 | 20240104130009.0 | ||
| 008 | 180918b bul||||| |||| 00| 0 bul d | ||
| 020 | _a9786191681587 | ||
| 040 | _aBLK | ||
| 041 |
_aBUL _cBUL |
||
| 080 |
_aБългарска литература _b821.163.2 _z821.163.2-31 _x-31 |
||
| 100 |
_aХаджиев, Йордан _eпърви автор _91299 |
||
| 139 |
_aХаджиев, Йордан _bХ 15 |
||
| 245 |
_aПо следите на думите _bРоман _cЙордан Хаджиев ; худож. Петър Дончев |
||
| 260 |
_bАбагар _c2016 _aСофия |
||
| 300 |
_a384 с. _c21 см |
||
| 380 | _aX | ||
| 650 | 0 |
_aБългарска литература _9243597 |
|
| 700 |
_9329515 _aБорсуков, Петър Дончев _eхудож. |
||
| 852 | _aЦб 291850 | ||
| 942 |
_cKNG _2udc _n0 _05 |
||
| 944 |
_aED _c2018-11-23 _k30575 _lМартин Енчев |
||
| 999 | _d324182 | ||
| 999 | _d324182 | ||